Escuela de Bibliotecarias de la Excma. Diputación Provincial de Barcelona : guia de la escuela guia de la escuela
Descripción Física:
12 p. ; 19 cm
Materias:
Escola de Bibliotecàries -- Guies
MARC
| LEADER | 00000nam a2200000Ia 4500 | ||
|---|---|---|---|
| 001 | 12786 | ||
| 008 | 160829s9999 xx 000 0 cat d | ||
| 080 | |a FU-3-51 | ||
| 245 | |a Escuela de Bibliotecarias de la Excma. Diputación Provincial de Barcelona : |b guia de la escuela | ||
| 260 | |a Barcelona : |b Asociación Nacional de Archiveros, Bibliotecarios y Arqueólogos, [194 - ?] | ||
| 300 | |a 12 p. ; |c 19 cm | ||
| 590 | |a Hi ha un duplicat a: S-442, exp. 6 | ||
| 650 | |a Escola de Bibliotecàries |x Guies |9 47886 | ||
| 710 | 2 | |a Escola de Bibliotecàries |9 54304 | |
| 710 | 2 | |a Asociación Nacional de Bibliotecarios, Archiveros y Arqueólogos (Espanya) |9 55075 | |
| 901 | |a Arxiu | ||
| 942 | |n 1 | ||
| 952 | |0 0 |1 0 |4 0 |6 FU351 |7 1 |9 54177 |a Arxiu |b Arxiu |d 2016-12-01 |l 0 |o FU-3-51 |p 12786 |r 2016-12-01 00:00:00 |w 2016-12-01 |y ARXIU | ||
| 999 | |c 58046 |d 58046 | ||